Hauptstädte der Welt nach Alphabet (mit Hinweisen) - Statistiken

Allgemein
  • Dieses Quiz wurde 14 mal gespielt
  • Das Durchschnittsergebnis liegt bei 41 aus 199
Antwortstatistiken
Kontinent Hauptstadt % Korrekt
Europa Amsterdam
100%
Afrika Abuja
78%
Europa Andorra la vella
78%
Europa Berlin
78%
Afrika Addis Abeba
67%
Südamerika Asunción
67%
Asien Bangkok
67%
Asien Beirut
67%
Europa Bern
67%
Asien Amman
56%
Asien Ankara
56%
Afrika Antananarivo
56%
Europa Athen
56%
Asien Baku
56%
Europa Belgrad
56%
Südamerika Bogotá
56%
Südamerika Brasília
56%
Ozeanien Canberra
56%
Europa Chișinău
56%
Asien Abu Dhabi
44%
Afrika Accra
44%
Afrika Algier
44%
Ozeanien Apia
44%
Asien Aşgabat
44%
Asien Bagdad
44%
Europa Bratislava
44%
Europa Budapest
44%
Südamerika Buenos Aires
44%
Europa Bukarest
44%
Nordamerika Washington, D.C.
44%
Europa Zagreb
44%
Asien Astana
33%
Asien Bandar Seri Begawan
33%
Nordamerika Basseterre
33%
Nordamerika Belmopan
33%
Asien Bischkek
33%
Nordamerika Bridgetown
33%
Europa Brüssel
33%
Südamerika Caracas
33%
Nordamerika Castries
33%
Asien Dhaka
33%
Asien Doha
33%
Europa Dublin
33%
Südamerika Lima
33%
Europa San Marino
33%
Europa Sarajevo
33%
Europa Stockholm
33%
Europa Vaduz
33%
Europa Valletta
33%
Europa Vatikanstadt
33%
Europa Vilnius
33%
Europa Warschau
33%
Europa Wien
33%
Afrika Bamako
22%
Afrika Bangui
22%
Afrika Banjul
22%
Afrika Brazzaville
22%
Asien Damaskus
22%
Asien Dili
22%
Asien Hanoi
22%
Nordamerika Havanna
22%
Europa Helsinki
22%
Asien Jerusalem
22%
Asien Kabul
22%
Europa Kiew
22%
Europa Kopenhagen
22%
Asien Kuala Lumpur
22%
Europa Lissabon
22%
Europa Ljubljana
22%
Europa London
22%
Europa Luxemburg
22%
Europa Madrid
22%
Asien Manila
22%
Nordamerika Mexiko-Stadt
22%
Europa Monaco
22%
Europa Moskau
22%
Nordamerika Nassau
22%
Asien Neu-Delhi
22%
Europa Oslo
22%
Nordamerika Panama-Stadt
22%
Asien Pjöngjang
22%
Europa Prag
22%
Europa Pristina
22%
Europa Reykjavík
22%
Europa Riga
22%
Europa Rom
22%
Nordamerika San José
22%
Nordamerika Santo Domingo
22%
Asien Seoul
22%
Asien Singapur
22%
Europa Skopje
22%
Europa Sofia
22%
Europa Tallinn
22%
Asien Tiflis
22%
Europa Tirana
22%
Asien Tokio
22%
Asien Ulaanbaatar
22%
Asien Vientiane
22%
Ozeanien Wellington
22%
Afrika Asmara
11%
Afrika Bissau
11%
Afrika Ciudad de la Paz
11%
Afrika Conakry
11%
Afrika Dakar
11%
Afrika Dodoma
11%
Asien Duschanbe
11%
Ozeanine Funafuti
11%
Südamerika Georgetown
11%
Nordamerika Guatemala-Stadt
11%
Ozeanien Honiara
11%
Asien Jakarta
11%
Asien Jerewan
11%
Afirika Kairo
11%
Asien Kathmandu
11%
Nordamerika Kingston
11%
Nordamerika Kingstown
11%
Asien Kuwait
11%
Ozeanien Majuro
11%
Nordamerika Managua
11%
Asien Manama
11%
Asien Maskat
11%
Europa Minsk
11%
Südamerika Montevideo
11%
Afrika Nairobi
11%
Asien Naypyidaw
11%
Ozeanien Ngerulmud
11%
Asien Nikosia
11%
Ozeanien Nuku‘alofa
11%
Nordamerika Ottawa
11%
Ozeanien Palikir
11%
Südamerika Paramaribo
11%
Europa Paris
11%
Asien Peking
11%
Asien Phnom Penh
11%
Europa Podgorica
11%
Nordamerika Port au Prince
11%
Ozeanien Port Moresby
11%
Südamerika Port of Spain
11%
Ozeanien Port Vila
11%
Afrika Pretoria
11%
Südamerika Quito
11%
Nordamerika Roseau
11%
Asien Sanaa
11%
Nordamerika San Salvador
11%
Nordamerika St. George‘s
11%
Nordamerika St. John‘s
11%
Südamerika Sucre
11%
Asien Taipeh
11%
Asien Taschkent
11%
Nordamerika Tegucigalpa
11%
Asien Teheran
11%
Asien Thimphu
11%
Afrika Tunis
11%
Afrika Yamoussoukro
11%
Ozeanien Yaren
11%
Afrika Bleomfontein
0%
Asien Dschibuti
0%
Asien Freetown
0%
Afrika Gaborone
0%
Afrika Gitega
0%
Afrika Harare
0%
Asien Islamabad
0%
Afrika Jaunde
0%
Afrika Juba
0%
Afrika Kampala
0%
Afrika Kapstadt
0%
Afrika Khartum
0%
Afrika Kigali
0%
Afrika Kinshasa
0%
Afrika Libreville
0%
Afrika Lilongwe
0%
Afrika Lomé
0%
Afrika Luanda
0%
Afrika Lusaka
0%
Asien Malé
0%
Afrika Maputo
0%
Afrika Maseru
0%
Afrika Mbabane
0%
Afrika Mogadischu
0%
Afrika Monrovia
0%
Afrika Moroni
0%
Afrika N‘djamena
0%
Afrika Niamey
0%
Afrika Nouakchott
0%
Asien Ostjerusalem
0%
Afrika Ouagadougou
0%
Afrika Port Louis
0%
Afrika Porto Novo
0%
Afrika Praia
0%
Afrika Rabat
0%
Afrika Riad
0%
Südamerika Santiago di Chile
0%
Afrika São Tomé
0%
Ozeanien South Tarawa
0%
Asien Sri Jayewardenepura Kotte
0%
Europa Suva
0%
Afrika Tripolis
0%
Afrika Victoria
0%
Afrika Windhoek
0%
Keine übereinstimmenden Quizze gefunden
Verteilung der Resultate
Anzahl Personen mit jedem Resultat
Perzentil nach korrekt beantworteten Fragen
Ihre Resultats-Entwicklung
Sie haben dieses Quiz noch nicht gespielt